000
00226nam a2200085Ia 4500
245
0
_a
God, ek is ook hier!
100
_a
Venter, Hendrik Pretoria, 2009
_9
82460
942
_c
BK
008
210819s9999 xx 000 0 und d
999
_c
297982
_d
297981